Neziskové účtovné jednotky v procese harmonizácie účtovníctva
Charakteristika neziskových účtovných jednotiek podľa právneho predpisu č. 22 502/2002-92. Činnosť neziskových účtovných jednotiek a ich špecifický spôsob financovania. Charakteristika politických strán a politických hnutí, občianskych združení a záujmových združení právnických osôb, cirkví a nábož...
Salvato in:
| Autore principale: | |
|---|---|
| Natura: | Capitolo di libro |
| Lingua: | slovacco |
| Soggetti: | |
| Tags: |
Nessun Tag, puoi essere il primo ad aggiungerne!!
|
MARC
| LEADER | 00000naa$a2200000$$$4500 | ||
|---|---|---|---|
| 001 | 0019783 | ||
| 005 | 20240502071409.4 | ||
| 041 | 0 | |a slo | |
| 044 | |a SK | ||
| 245 | 1 | 0 | |a Neziskové účtovné jednotky v procese harmonizácie účtovníctva |c Alena Kordošová |
| 520 | |a Charakteristika neziskových účtovných jednotiek podľa právneho predpisu č. 22 502/2002-92. Činnosť neziskových účtovných jednotiek a ich špecifický spôsob financovania. Charakteristika politických strán a politických hnutí, občianskych združení a záujmových združení právnických osôb, cirkví a náboženských spoločností. Neziskové organizácie poskytujúce všeobecne prospešné služby. Charakteristika nadácií a neinvestičných fondov. | ||
| 610 | 2 | 0 | |a organizácie neziskové |
| 610 | 2 | 0 | |a služby verejnoprospešné |
| 610 | 2 | 0 | |a hnutie politické |
| 610 | 2 | 0 | |a nadácie |
| 610 | 2 | 0 | |a fondy neinvestičné |
| 610 | 2 | 0 | |a aproximácia práva |
| 610 | 2 | 0 | |a účtovníctvo |
| 610 | 2 | 0 | |a predpisy právne |
| 610 | 2 | 0 | |a jednotka účtovná |
| 100 | 1 | |a Kordošová, Alena, 1970- | |